Land aridization and drought control /

Guardado en:
Autor Principal: Kovda, Viktor Abramovich.
Formato: Libro
Idioma:English
Russian
Publicado: Boulder, Colo. : Westview Press, 1980.
Series:Westview special studies in natural resources and energy management
Materias:
Etiquetas: Agregar Etiqueta
Sin Etiquetas, Sea el primero en etiquetar este registro!
LEADER 00986cam a2200289 a 4500
001 EEA.libagro010075
005 20190514121856.0
008 790705s1980####coua#####b####001#0#eng##
010 |a  79017062  
020 |a 0891582592 
040 |a DLC  |c DLC  |d DLC 
041 1 |a eng  |h rus 
050 0 0 |a S613  |b .K6913 
082 0 0 |a 333.73 
100 1 |a Kovda, Viktor Abramovich. 
240 1 0 |a Aridizatsiia sushi i borba s zasukhoi.  |l Inglés 
245 1 0 |a Land aridization and drought control /  |c Victor A. Kovda. 
260 |a Boulder, Colo. :  |b Westview Press,  |c 1980. 
300 |a xix, 277 p. :  |b il. ;  |c 24 cm. 
490 1 |a Westview special studies in natural resources and energy management 
500 |a Traducción de: Aridizatsiia sushi i borba s zasukhoi. 
500 |a Incluye índice. 
504 |a Bibliografía: p. 255-266. 
650 0 |a Zona árida  |2 agrovoc 
650 0 |a Suelo salino  |2 agrovoc 
650 0 |a Sequía  |2 agrovoc 
859 |a AR-BbBCA  |b BIB. AGRONOMIA  |h 333.73  |i K88  |p 1988/1077